Sports Quiz

Random Sports or WWE Quiz

1993 WWE Royal Rumble Quiz Stats

 Plays Quiz not verified by Sporcle

Also try: Most PGA Tour Wins
Challenge
Share
Tweet
Embed
Score 0/30 Timer 06:00
0 Plays Today
entry # Wrestler % Correct
30Randy Savage
91%
27*Yokozuna
90.6%
1Ric Flair
89.7%
15Undertaker
89.6%
28Owen Hart
89%
4Ted Dibiase
84.2%
10Mr. Perfect
82.2%
18Irwin R. Schyster
80.3%
23Earthquake
75.9%
26Rick Martel
75.5%
2Bob Backlund
75.1%
21Typhoon
73.1%
25Tito Santana
72.6%
6Virgil
69.5%
19Tatanka
69.4%
entry # Wrestler % Correct
20Jerry Sags
69.1%
29Repo Man
69.1%
5Brian Knobbs
68.6%
12Koko B. Ware
66.4%
22Fatu
66.2%
13Samu
64.1%
3Papa Shango
61.7%
7Jerry Lawler
60.6%
11Skinner
59%
14The Berzerker
57.7%
17Damien Demento
56.5%
24Carlos Colon
53.1%
8Max Moon
51.4%
16Terry Taylor
49.9%
9Genichiro Tenryu
47.4%

You're not logged in!

Compare scores with friends on all Sporcle quizzes.
Join for Free
OR
Log In

You Might Also Like...

Show Comments

Extras

Top Quizzes Today


Score Distribution

Your Account Isn't Verified!

In order to create a playlist on Sporcle, you need to verify the email address you used during registration. Go to your Sporcle Settings to finish the process.

Report this User

Report this user for behavior that violates our Community Guidelines.

Details: